000 00629nam a2200217 i 4500
001 bg
100 1 _aWALIGÓRSKI, Michał
245 1 0 _aNowe prawo działalności gospodarczej :
_bpodręcznik akademicki /
_cMichał A. Waligórski.
260 _aPoznań :
_b"Ars boni et aequi",
_c2001.
300 _a453 s. ;
_c24 cm.
504 _aBibliogr.
650 9 _aPrawo gospodarcze
_zPolska
_ystan na 1999 r.
655 _aPodręczniki akademickie
020 _a8387148083
040 _cBPK
041 0 _apl
080 _a346(438)(075.8)
920 _a83-87148-08-3
942 _cKS
008 s pl f |000 0 pol
999 _c40032
_d40032
856 _uhttp://koha.tu.koszalin.pl/cgi-bin/koha/opac-detail.pl?biblionumber=40032
_yKatalog online BPK